00409nam a2200157Ia 450000500170000000800410001702000150005805000250007310000230009824500410012126000350016230000330019744000060023052100070023652600080024320140314151319.0140130s9999 xx 000 0 und d a0439551900 aPZ 7b.L5215Cav 2006 aLe Guin, Ursual L. cUrsual L. Le GuinaCatwings return / bScholastic,c2006.aNew York : a48 p. :bcol. ill. ;c19 cm. v1 aG5 c730